Statistics for Avian Collective Nouns

Click here to take the quiz!

General Stats

  • This quiz has been taken 10 times
  • The average score is 5 of 15

Answer Stats

HintAnswer% Correct
CrowsMurder
100%
OwlParliament
100%
QuailBevy
43%
StarlingsMurmuration
43%
FalconsCast
29%
FinchesCharm
29%
WoodpeckersDescent
29%
LarksExaltation
29%
PeacocksMuster
29%
TurkeysRafter
29%
RavensUnkindness
29%
BudgerigarsChatter
14%
PheasantsNye
14%
PenguinsRookery
0%
MagpiesTiding
0%

Score Distribution

Percentile by Number Answered

Percent of People with Each Score

Your Score History

You have not taken this quiz